000
00218nam a22000857a 4500
008
160715b xxu||||| |||| 00| 0 eng d
100
_9
2896
_a
Pruitt, J
245
_a
Looking for Horizon
260
_a
Tennesse
_b
Broadman
_c
1980
999
_c
2461
_d
2461